[Event "COMMONWEALTH CHESS CHAMPIONSHI"]
[Site "Nagpur,India"]
[Date "2008.09.29"]
[Round "2.77"]
[White "Megha Gupta"]
[Black "Mitali, Madhukar Patil"]
[Result "1/2-1/2"]
[WhiteElo "1643"]
[BlackElo "2050"]
[PlyCount "147"]
[EventDate "2008.09.28"]
[Source "MonRoi"]

1. d4 Nf6 2. c4 g6 3. Nc3 Bg7 4. e4 d6 5. Nf3 O-O 6. Be2 Bg4 7. O-O Nfd7 8. h3
Bxf3 9. Bxf3 Nc6 10. Be3 e5 11. d5 Nd4 12. Bxd4 exd4 13. Ne2 Qf6 14. Nc1 Rfe8
15. Nd3 Ne5 16. Nxe5 Qxe5 17. Rb1 h5 18. Re1 a5 19. Qb3 Reb8 20. a4 Ra6 21. Qb5
c6 22. Qb3 Qe8 23. Qc2 c5 24. b3 Qe5 25. Qd3 Re8 26. Qd2 Kh7 27. Qe2 Raa8 28.
Qd1 Re7 29. Re2 Rae8 30. Qc2 Qf4 31. Qd3 Qh4 32. Rbe1 Be5 33. Qd2 Bf6 34. Kf1
Bg5 35. Qd3 Bh6 36. Kg1 Re5 37. Kh2 Qf6 38. g3 h4 39. g4 Qf4+ 40. Kg2 Rg8 41.
Kg1 Re7 42. Kg2 Bg5 43. Kg1 Bf6 44. Kg2 Be5 45. Rh1 Qf6 46. Kf1 Rge8 47. Kg2
Rf8 48. Qd2 Bf4 49. Qd3 Qg5 50. Rhe1 Re5 51. Kf1 Bc1 52. Rc2 Bf4 53. Rce2 Bc1
54. Rc2 Ba3 55. Kg2 f5 56. Rf1 fxg4 57. Bxg4 Qf4 58. Re2 Rfe8 59. Qf3 Qxf3+ 60.
Bxf3 Bb4 61. Rd1 Kh6 62. Rd3 Kg5 63. Kh2 Rf8 64. Bg4 Rf4 65. f3 Rf8 66. Be6 Kf4
67. Rg2 Rg5 68. Rxg5 Kxg5 69. Kg2 Kf4 70. Kf2 Ba3 71. Bg4 Bc1 72. Be6 Be3+ 73.
Kg2 Re8 74. Rd1 1/2-1/2

[Event "COMMONWEALTH CHESS CHAMPIONSHI"]
[Site "Nagpur,India"]
[Date "2008.09.29"]
[Round "2.78"]
[White "Hardik Mehta"]
[Black "Prajapati, Malhar"]
[Result "1-0"]
[WhiteElo "2037"]
[BlackElo "1598"]
[PlyCount "139"]
[EventDate "2008.09.28"]
[Source "MonRoi"]

1. e4 e5 2. Nf3 Nc6 3. d4 exd4 4. Nxd4 Bc5 5. Be3 Qf6 6. c3 Nge7 7. g3 d6 8.
Bg2 O-O 9. O-O Ne5 10. Nd2 Ng4 11. b4 Bb6 12. a4 c5 13. bxc5 Bxc5 14. N2b3 Nxe3
15. fxe3 Qh6 16. Qf3 Bb6 17. a5 Bd8 18. Nf5 Nxf5 19. exf5 Bg5 20. e4 Bd7 21.
Qd3 Rac8 22. e5 Bc6 23. exd6 Rfd8 24. Rfd1 Bxg2 25. Kxg2 Rc6 26. d7 Rc7 27. Qe4
Qc6 28. Qxc6 Rxc6 29. Rd3 Rc7 30. Re1 Kf8 31. Red1 Ke7 32. Re1+ Kf8 33. Rb1 Ke7
34. Nd2 Bxd2 35. Rxd2 Rdxd7 36. Rdb2 Rxc3 37. Rxb7 Rcc7 38. a6 Rc6 39. Re1+ Kd8
40. Rb8+ Rc8 41. Rb2 Rd6 42. Ra1 Rcc6 43. Rb7 Rc7 44. h4 Kc8 45. Re1 Rdd7 46.
Re8+ Rd8 47. Re3 Rdd7 48. Re8+ Rd8 49. Re3 Rdd7 50. Rb4 Rc6 51. Re8+ Rd8 52.
Re7 Rd7 53. Re8+ Rd8 54. Ree4 Rd7 55. Rg4 f6 56. Ra4 Kd8 57. Rgb4 Ke7 58. Rb8
Rdd6 59. Re4+ Kd7 60. Rg8 Rxa6 61. Rxg7+ Kc6 62. Rxh7 Rd2+ 63. Kf3 Ra3+ 64. Re3
Rxe3+ 65. Kxe3 Rd7 66. Rxd7 Kxd7 67. Kd4 Kd6 68. g4 Ke7 69. g5 Kf7 70. Kc5 1-0

[Event "COMMONWEALTH CHESS CHAMPIONSHI"]
[Site "Nagpur,India"]
[Date "2008.09.29"]
[Round "2.79"]
[White "M  Anshuman"]
[Black "Devangi, Patankar"]
[Result "0-1"]
[WhiteElo "1566"]
[BlackElo "2028"]
[PlyCount "66"]
[EventDate "2008.09.28"]
[Source "MonRoi"]

1. e4 c5 2. Nf3 d6 3. d4 cxd4 4. Nxd4 Nf6 5. Nc3 a6 6. Bc4 e6 7. Be3 Qc7 8. Bb3
b5 9. a3 Nc6 10. Qd2 Be7 11. f3 O-O 12. O-O Na5 13. Ba2 Nc4 14. Bxc4 Qxc4 15.
Rfd1 Bd7 16. Qd3 Qc7 17. Bg5 Rab8 18. Rab1 a5 19. Ndxb5 Bxb5 20. Nxb5 Qc5+ 21.
Nd4 Qxg5 22. Ne2 Rfc8 23. Kh1 Nh5 24. c3 Nf4 25. Nxf4 Qxf4 26. Qd2 Qxd2 27.
Rxd2 Rxc3 28. Rdd1 Rcb3 29. Rd2 Rxa3 30. Kg1 Rab3 31. Kf1 a4 32. Ke2 a3 33. Kd1
Bf6 0-1

[Event "COMMONWEALTH CHESS CHAMPIONSHI"]
[Site "Nagpur,India"]
[Date "2008.09.29"]
[Round "2.80"]
[White "Ghosh, Diptayan"]
[Black "Madhuri N"]
[Result "1-0"]
[WhiteElo "2028"]
[BlackElo "1585"]
[PlyCount "73"]
[EventDate "2008.09.28"]
[Source "MonRoi"]

1. d4 d6 2. Nf3 g6 3. c4 Bg7 4. Nc3 c5 5. e4 cxd4 6. Nxd4 Nc6 7. Be3 Nf6 8. Be2
O-O 9. O-O a6 10. Rc1 Bd7 11. f3 Rc8 12. Nxc6 Bxc6 13. Qd2 Re8 14. b4 Bd7 15.
Rfd1 h5 16. a4 Kh7 17. a5 Rh8 18. Bg5 Be6 19. Na4 Nd7 20. f4 f6 21. Bh4 Kg8 22.
Bf2 Qe8 23. Nb6 Nxb6 24. axb6 h4 25. c5 dxc5 26. Rxc5 Rxc5 27. bxc5 Kf7 28. Qc2
Bh6 29. f5 gxf5 30. Bh5+ Kg7 31. Bxe8 Rxe8 32. exf5 Bf7 33. c6 bxc6 34. b7 Bd5
35. Ba7 Bf4 36. Rxd5 cxd5 37. Qa4 1-0

[Event "Commonwealth Chess Championship 2008"]
[Site "Nagpur India"]
[Date "2008.09.30"]
[Round "?"]
[White "Ahmed, Minhazuddin"]
[Black "Surya Shekhar, Ganguly"]
[Result "0-1"]
[WhiteElo "2339"]
[BlackElo "2631"]
[PlyCount "38"]
[EventDate "2008.09.28"]
[Source "MonRoi"]

1. e4 e5 2. Nf3 Nc6 3. d4 exd4 4. Nxd4 Bc5 5. Be3 Qf6 6. c3 Nge7 7. Bc4 b6 8.
O-O Bb7 9. f3 O-O-O 10. b4 Nxd4 11. cxd4 Bxb4 12. a3 Ba5 13. d5 b5 14. d6 Nc6
15. dxc7 Bxc7 16. Bxb5 Qxa1 17. Qa4 Bb6 18. Bxb6 axb6 19. Rc1 Kb8 0-1

[Event "Commonwealth Chess Championship 2008"]
[Site "Nagpur India"]
[Date "2008.09.30"]
[Round "?"]
[White "Md  Taibur, Rahman"]
[Black "Gogineni, Rohit"]
[Result "1/2-1/2"]
[WhiteElo "2307"]
[BlackElo "2457"]
[PlyCount "48"]
[EventDate "2008.09.28"]
[Source "MonRoi"]

1. d4 Nf6 2. c4 e6 3. Nf3 b6 4. g3 Ba6 5. b3 Bb4+ 6. Bd2 Be7 7. Bg2 d5 8. Ne5
c6 9. Bc3 Nfd7 10. Nxd7 Nxd7 11. Nd2 O-O 12. O-O f5 13. Rc1 Bd6 14. Bb2 Qe7 15.
cxd5 cxd5 16. Nf3 Rac8 17. Qd2 h6 18. Rxc8 Rxc8 19. Rc1 Rxc1+ 20. Bxc1 Nf6 21.
Qc2 Qc7 22. Qxc7 Bxc7 23. Kf1 Ne4 24. Bb2 Kf7 1/2-1/2

[Event "Commonwealth Chess Championship 2008"]
[Site "Nagpur India"]
[Date "2008.09.30"]
[Round "?"]
[White "S, Nitin"]
[Black "Deep, Sengupta"]
[Result "0-1"]
[WhiteElo "2303"]
[BlackElo "2454"]
[PlyCount "118"]
[EventDate "2008.09.28"]
[Source "MonRoi"]

1. e4 e6 2. d4 d5 3. Nc3 Nf6 4. Bg5 dxe4 5. Nxe4 Be7 6. Bxf6 gxf6 7. Nf3 a6 8.
Bd3 b6 9. Qe2 Bb7 10. O-O-O Nd7 11. Rhe1 b5 12. Kb1 Nb6 13. Nc5 Bd5 14. Nd2 h5
15. Nde4 c6 16. h4 Bc4 17. Bxc4 Nxc4 18. Qf3 Kf8 19. Qf4 Nb6 20. Rd3 Nd5 21.
Qf3 Rh6 22. Ng3 f5 23. Nxh5 Bxc5 24. dxc5 Qxh4 25. Ng3 Qb4 26. Red1 Qxc5 27.
Nh5 Ke7 28. Nf4 Rah8 29. Nxd5+ cxd5 30. Rc3 Qd6 31. g3 Rh2 32. a3 f4 33. Ka2 a5
34. Rb3 b4 35. c4 fxg3 36. fxg3 R8h5 37. g4 R5h3 38. Qxh3 Rxh3 39. Rxh3 d4 40.
axb4 axb4 41. Kb3 Qf4 42. Rhd3 e5 43. Kxb4 Qxg4 44. Kc5 Qc8+ 45. Kd5 Qe6+ 46.
Kc5 Kd7 47. Kb4 Qb6+ 48. Ka3 Qa5+ 49. Kb3 Kd6 50. Kc2 Qa2 51. Rb3 Qa4 52. Rdd3
Qxc4+ 53. Rbc3 Qa4+ 54. Kb1 Kd5 55. Ra3 Qc4 56. Rac3 Qb4 57. Rd1 f5 58. Rc8 f4
59. Rd3 Ke4 0-1

[Event "Commonwealth Chess Championship 2008"]
[Site "Nagpur India"]
[Date "2008.09.30"]
[Round "?"]
[White "G B, Joshi"]
[Black "Kidambi, Sundararajan"]
[Result "1/2-1/2"]
[WhiteElo "2302"]
[BlackElo "2446"]
[PlyCount "43"]
[EventDate "2008.09.28"]
[Source "MonRoi"]

1. e4 c6 2. d4 d5 3. Nc3 dxe4 4. Nxe4 Nd7 5. Bd3 Ngf6 6. Ng5 e6 7. Qe2 Bd6 8.
N1f3 h6 9. Ne4 Nxe4 10. Bxe4 Qc7 11. Bd2 b6 12. c4 Bb7 13. Bc3 O-O 14. O-O Rae8
15. Rfe1 f5 16. Bc2 c5 17. dxc5 Nxc5 18. Be5 Bxf3 19. gxf3 Bxe5 20. Qxe5 Qc6
21. b4 Nd7 22. Qb5 1/2-1/2

[Event "Commonwealth Chess Championship 2008"]
[Site "Nagpur India"]
[Date "2008.09.30"]
[Round "?"]
[White "D P, Singh"]
[Black "Jayaram, Ashwin"]
[Result "0-1"]
[WhiteElo "2299"]
[BlackElo "2436"]
[PlyCount "70"]
[EventDate "2008.09.28"]
[Source "MonRoi"]

1. d4 Nf6 2. Nf3 g6 3. Bf4 Bg7 4. e3 O-O 5. Be2 d6 6. h3 Nfd7 7. c3 e5 8. Bg3
Nc6 9. Nbd2 f5 10. dxe5 dxe5 11. Qb3+ Kh8 12. O-O-O Qe8 13. Bb5 Nb6 14. Qa3 Bd7
15. Qc5 e4 16. Bxc6 Bxc6 17. Nd4 Na4 18. Qc4 Bd7 19. N2b3 Rc8 20. Nc5 Nxc5 21.
Qxc5 b6 22. Qa3 a5 23. Rd2 c5 24. Ne2 Bb5 25. Nf4 Qf7 26. Rhd1 g5 27. Nd5 Bd3
28. Nxb6 Rc6 29. Na4 f4 30. Bh2 c4 31. h4 Rfc8 32. Nb6 Rxb6 33. Qxa5 Qb7 34.
Qxg5 Ra6 35. Rxd3 cxd3 0-1

[Event "Commonwealth Chess Championship 2008"]
[Site "Nagpur India"]
[Date "2008.09.30"]
[Round "?"]
[White "Jha, Sriram"]
[Black "Purushothaman, T."]
[Result "0-1"]
[WhiteElo "2428"]
[BlackElo "2303"]
[PlyCount "52"]
[EventDate "2008.09.28"]
[Source "MonRoi"]

1. d4 d5 2. Nf3 Nf6 3. c4 c6 4. Nc3 dxc4 5. a4 Bg4 6. Ne5 Bh5 7. f3 e6 8. g4
Bg6 9. h4 c5 10. h5 Bd3 11. exd3 cxd4 12. g5 dxc3 13. gxf6 Qa5 14. Nxc4 cxb2+
15. Bd2 bxa1=Q 16. Qxa1 Qc7 17. fxg7 Qg3+ 18. Ke2 Bxg7 19. Bc3 Bxc3 20. Qxc3
Rg8 21. Qb4 Nc6 22. Qxb7 Nd4+ 23. Ke3 Rb8 24. Qe4 Rd8 25. Bh3 f5 26. Qb7 Rg7
0-1

[Event "Commonwealth Chess Championship 2008"]
[Site "Nagpur India"]
[Date "2008.09.30"]
[Round "?"]
[White "Swaminathan, Soumya"]
[Black "S P, Sethuraman"]
[Result "0-1"]
[WhiteElo "2293"]
[BlackElo "2425"]
[PlyCount "74"]
[EventDate "2008.09.28"]
[Source "MonRoi"]

1. e4 e5 2. Nf3 Nc6 3. Bb5 a6 4. Ba4 Nf6 5. O-O Be7 6. Re1 b5 7. Bb3 d6 8. c3
O-O 9. d4 Bg4 10. Be3 Bh5 11. h3 exd4 12. cxd4 d5 13. e5 Ne4 14. Nc3 Bb4 15.
Nxd5 Bxe1 16. Qxe1 a5 17. a3 Bxf3 18. gxf3 Ng5 19. Kg2 Ne6 20. Rd1 b4 21. a4
Qh4 22. f4 Rad8 23. Qe2 Ncxd4 24. Rxd4 c6 25. Nf6+ gxf6 26. Rc4 c5 27. f5 Nd4
28. Bxd4 Rxd4 29. e6 Qg5+ 30. Kh1 Qxf5 31. exf7+ Kg7 32. Rxd4 Qxh3+ 33. Kg1
cxd4 34. Be6 d3 35. Qe4 Qh6 36. Qxd3 Qg6+ 37. Qxg6+ Kxg6 0-1

[Event "Commonwealth Chess Championship 2008"]
[Site "Nagpur India"]
[Date "2008.09.30"]
[Round "?"]
[White "P D S, Girinath"]
[Black "Kumar C, Praveen"]
[Result "1/2-1/2"]
[WhiteElo "2423"]
[BlackElo "2302"]
[PlyCount "58"]
[EventDate "2008.09.28"]
[Source "MonRoi"]

1. e4 e6 2. Qe2 c5 3. g3 Nc6 4. Nf3 d6 5. Bg2 g6 6. O-O Bg7 7. c3 Nge7 8. d4
cxd4 9. cxd4 d5 10. e5 Nf5 11. Rd1 Qb6 12. Qd3 Bd7 13. g4 Nfe7 14. Nc3 Na5 15.
b3 Rc8 16. Bg5 h6 17. Bf6 Bxf6 18. exf6 Ng8 19. Ne5 Nxf6 20. Rac1 O-O 21. h4
Nc6 22. Nxc6 Bxc6 23. g5 hxg5 24. hxg5 Nh5 25. Bf3 Ng7 26. Bg4 Qd8 27. f4 f5
28. Bf3 Kf7 29. Kg2 Qd6 1/2-1/2

[Event "Commonwealth Chess Championship 2008"]
[Site "Nagpur India"]
[Date "2008.09.30"]
[Round "?"]
[White "Swayangsu, Satyapragyan"]
[Black "Eesha, Karavade"]
[Result "1-0"]
[WhiteElo "2414"]
[BlackElo "2297"]
[PlyCount "69"]
[EventDate "2008.09.28"]
[Source "MonRoi"]

1. e4 c5 2. Nf3 d6 3. d4 cxd4 4. Nxd4 Nf6 5. Nc3 e6 6. g4 h6 7. h3 Nc6 8. Bg2
Bd7 9. Be3 Ne5 10. O-O a6 11. Qe2 Rc8 12. Rad1 Nc4 13. Bc1 Qb6 14. b3 Ne5 15.
Qe3 Be7 16. Nce2 g5 17. c4 h5 18. f3 Rg8 19. Ng3 hxg4 20. fxg4 Qa7 21. a4 Bc6
22. Ba3 Nfd7 23. a5 Nf8 24. Nh5 Rg6 25. Rf2 Qb8 26. Nf5 exf5 27. exf5 Bxg2 28.
fxg6 Nfxg6 29. Kxg2 b5 30. axb6 Qb7+ 31. Kg1 Rc6 32. Ng7+ Kf8 33. Nf5 Nf4 34.
Nxe7 Qxe7 35. b7 1-0

[Event "Commonwealth Chess Championship 2008"]
[Site "Nagpur India"]
[Date "2008.09.30"]
[Round "?"]
[White "Sohan, Phadke"]
[Black "Krishnan B T, Murali"]
[Result "0-1"]
[WhiteElo "2283"]
[BlackElo "2412"]
[PlyCount "94"]
[EventDate "2008.09.28"]
[Source "MonRoi"]

1. e4 e5 2. Nf3 d6 3. d4 Nd7 4. Bc4 c6 5. O-O Be7 6. dxe5 dxe5 7. Ng5 Bxg5 8.
Qh5 Qe7 9. Qxg5 Qxg5 10. Bxg5 Ngf6 11. f3 a5 12. Be3 a4 13. Nd2 b6 14. Be2 Ba6
15. Nc4 Ke7 16. Rfd1 Rhd8 17. Rd2 Bxc4 18. Bxc4 Nc5 19. Rad1 Rxd2 20. Rxd2 Nfd7
21. b4 axb3 22. cxb3 b5 23. Bf1 Ne6 24. Rc2 Kd6 25. Rd2+ Kc7 26. g3 Nd4 27. Kf2
f6 28. Bd3 h6 29. Bb1 c5 30. f4 Nb8 31. Bxd4 cxd4 32. Bd3 Kb6 33. Ke2 Nd7 34.
Rb2 Nc5 35. Bb1 b4 36. Bd3 exf4 37. gxf4 Re8 38. Rc2 Nxe4 39. Bxe4 Rxe4+ 40.
Kd3 Rxf4 41. Rc4 Kb5 42. Rc8 Rh4 43. Rb8+ Kc5 44. Rc8+ Kd5 45. Rd8+ Ke5 46.
Re8+ Kd6 47. Rb8 Rxh2 0-1

[Event "Commonwealth Chess Championship 2008"]
[Site "Nagpur India"]
[Date "2008.09.30"]
[Round "?"]
[White "S  Dhopade, Swapnil"]
[Black "Varugeese, Koshy"]
[Result "0-1"]
[WhiteElo "2389"]
[BlackElo "2283"]
[PlyCount "166"]
[EventDate "2008.09.28"]
[Source "MonRoi"]

1. d4 d6 2. c4 e5 3. Nf3 e4 4. Ng5 f5 5. Nc3 Nf6 6. Nh3 Be7 7. Bg5 O-O 8. e3 h6
9. Bxf6 Bxf6 10. Nf4 c6 11. h4 Na6 12. h5 Nc7 13. d5 Bxc3+ 14. bxc3 Qf6 15. Qd4
cxd5 16. Qxf6 Rxf6 17. cxd5 Bd7 18. Kd2 Rc8 19. Rb1 b6 20. Rg1 Rf7 21. Be2 Ne8
22. g4 fxg4 23. Bxg4 Bxg4 24. Rxg4 Nf6 25. Rg2 Rc5 26. Rbg1 Nxh5 27. c4 Nxf4
28. exf4 Rxc4 29. Ke3 Rc3+ 30. Kd4 Rf3 31. Rg6 R3xf4 32. Rxd6 Rxf2 33. Rxh6
Rxa2 34. Kxe4 Re2+ 35. Kd3 Ree7 36. Rc6 Rf5 37. d6 Rd7 38. Ke4 Rh5 39. Rf1 g6
40. Rf2 Kg7 41. Rf1 Kh6 42. Rf8 Kg7 43. Rf1 Rb5 44. Rf2 a5 45. Kd4 a4 46. Kc4
Ra5 47. Rxb6 a3 48. Ra2 Kf6 49. Kb4 Rd5 50. Rxa3 R7xd6 51. Rb8 Rd3 52. Ra7 g5
53. Rf8+ Ke5 54. Kc4 R6d4+ 55. Kc5 Rc3+ 56. Kb5 Rb3+ 57. Kc5 Rc3+ 58. Kb5 Rd6
59. Rg7 Rg3 60. Kc5 Rf6 61. Rfg8 Kf4 62. Ra7 Rf5+ 63. Kd4 g4 64. Ra4 Rf3 65.
Ra7 Rf1 66. Rag7 Rg1 67. Kd3 Kf3 68. Kd4 g3 69. Ra7 Rd1+ 70. Kc4 Rf4+ 71. Kc3
g2 72. Rag7 Rg1 73. Kd2 Kf2 74. Rg6 Rf3 75. R6g7 Kf1 76. Rg6 Rf2+ 77. Kd1 Rf7
78. Kd2 Rf2+ 79. Ke3 Rh1 80. Ra6 Re2+ 81. Kd3 g1=Q 82. Ra1+ Re1 83. Rf8+ Qf2
0-1

[Event "Commonwealth Chess Championship 2008"]
[Site "Nagpur India"]
[Date "2008.09.30"]
[Round "?"]
[White "Ramana J, Venkata"]
[Black "Aleksandar H, Wohl"]
[Result "0-1"]
[WhiteElo "2205"]
[BlackElo "2384"]
[PlyCount "70"]
[EventDate "2008.09.28"]
[Source "MonRoi"]

1. g3 e5 2. Bg2 Nf6 3. d3 d5 4. Nf3 Nbd7 5. O-O Bc5 6. b3 O-O 7. Bb2 e4 8. Ne1
Re8 9. d4 Bd6 10. c4 c6 11. Nc2 h5 12. Nc3 Nf8 13. h4 Be6 14. Bc1 Qd7 15. Bg5
N8h7 16. Ne3 Bb4 17. Bxf6 Nxf6 18. Na4 Rad8 19. cxd5 cxd5 20. a3 Be7 21. b4 b6
22. Qb3 Ng4 23. Nxg4 Bxg4 24. f3 exf3 25. Bxf3 Bf6 26. e3 Qe6 27. Bxg4 Qxg4 28.
Kg2 Qe2+ 29. Rf2 Qxe3 30. Qxe3 Rxe3 31. Rd2 Rc8 32. Kf2 Rb3 33. Raa2 Rc4 34.
Nb2 Rcc3 35. a4 Rxg3 0-1

[Event "Commonwealth Chess Championship 2008"]
[Site "Nagpur India"]
[Date "2008.09.30"]
[Round "?"]
[White "Saheli, Dhar-Barua"]
[Black "Mahmood, Lodhi"]
[Result "0-1"]
[WhiteElo "2180"]
[BlackElo "2379"]
[PlyCount "54"]
[EventDate "2008.09.28"]
[Source "MonRoi"]

1. e4 e5 2. Nf3 Nc6 3. Bb5 a6 4. Ba4 Nf6 5. d4 b5 6. Bb3 exd4 7. e5 Ng4 8.
Bxf7+ Kxf7 9. Ng5+ Kg8 10. Qxg4 h6 11. Nf3 d6 12. Qe4 d5 13. Qf4 Bc5 14. O-O
Kh7 15. c3 Rf8 16. Qg3 Bf5 17. cxd4 Nxd4 18. Nxd4 Bxd4 19. Nc3 Bb6 20. Be3 d4
21. Rad1 dxe3 22. Rxd8 exf2+ 23. Kh1 Raxd8 24. Ne2 Bd3 25. Qg4 Rf5 26. Ng3 Rxe5
27. Qd1 Rd6 0-1

[Event "Commonwealth Chess Championship 2008"]
[Site "Nagpur India"]
[Date "2008.09.30"]
[Round "?"]
[White "Vikramaditya, Kamble"]
[Black "Kumar, Vinoth"]
[Result "1-0"]
[WhiteElo "2376"]
[BlackElo "2202"]
[PlyCount "63"]
[EventDate "2008.09.28"]
[Source "MonRoi"]

1. d4 d6 2. e4 g6 3. c4 Bg7 4. Be2 Nd7 5. Nf3 e5 6. O-O Nh6 7. dxe5 dxe5 8. b3
O-O 9. Ba3 Re8 10. Qc2 f5 11. Nc3 f4 12. Rad1 Nf7 13. c5 c6 14. b4 Qf6 15. b5
Nf8 16. bxc6 bxc6 17. Qa4 Bg4 18. Nd2 Bxe2 19. Nxe2 g5 20. f3 h5 21. Nc4 g4 22.
Nd6 Re6 23. Qxc6 Rd8 24. Qa4 gxf3 25. gxf3 Qh4 26. Nf5 Qh3 27. Kh1 Ra6 28. Qc2
Rxd1 29. Qxd1 Rxa3 30. Ng1 Qxf1 31. Qxf1 Ng6 32. Qc4 1-0

[Event "Commonwealth Chess Championship 2008"]
[Site "Nagpur India"]
[Date "2008.09.30"]
[Round "?"]
[White "Utkal Ranjan, Sahoo"]
[Black "Lanka, Ravi"]
[Result "0-1"]
[WhiteElo "2124"]
[BlackElo "2371"]
[PlyCount "126"]
[EventDate "2008.09.28"]
[Source "MonRoi"]

1. e4 c6 2. c4 e5 3. Nf3 Qa5 4. Nc3 Nf6 5. Be2 d6 6. O-O Be7 7. d4 Nbd7 8. Bg5
exd4 9. Qxd4 O-O 10. Bf4 Nc5 11. Qd2 Qb6 12. e5 dxe5 13. Bxe5 Bf5 14. Bd4 Qd8
15. Qg5 g6 16. Bxc5 Bxc5 17. Nh4 Ne8 18. Qxd8 Rxd8 19. Nxf5 gxf5 20. Rad1 Ng7
21. g3 Bd4 22. Bf3 Ne6 23. Rc1 Bxc3 24. Rxc3 Rd2 25. Rb1 Kg7 26. Kg2 Rfd8 27.
Rcc1 Nd4 28. Bh5 Nc2 29. Kg1 Nb4 30. Re1 Kf6 31. a3 Nd3 32. Re2 Ne5 33. Rbe1
Rxe2 34. Bxe2 Rd2 35. b3 Ra2 36. a4 a5 37. Kf1 Rb2 38. f4 Nd7 39. Rd1 Nc5 40.
Rd6+ Kg7 41. Rd8 Nxb3 42. Rd7 Nc5 43. Re7 Kg6 44. Re5 b6 45. Bf3 Nd3 46. Re3
Nb4 47. c5 bxc5 48. Rc3 Kg7 49. Kg1 Rb1+ 50. Kg2 Rb2+ 51. Kg1 Rc2 52. Rxc2 Nxc2
53. Bxc6 c4 54. Kf2 c3 55. Bb5 Kf6 56. Bd7 Ke7 57. Bc8 Kd6 58. Ke2 Nd4+ 59. Kd3
c2 60. Kd2 Kc5 61. Ba6 Kb4 62. Bd3 Kb3 63. Kc1 Kc3 0-1

[Event "Commonwealth Chess Championship 2008"]
[Site "Nagpur India"]
[Date "2008.09.30"]
[Round "?"]
[White "Saha, Suvrajit"]
[Black "Shah, Fenil"]
[Result "1-0"]
[WhiteElo "2367"]
[BlackElo "2129"]
[PlyCount "63"]
[EventDate "2008.09.28"]
[Source "MonRoi"]

1. d4 Nf6 2. Nf3 e6 3. e3 b6 4. Bd3 Bb7 5. O-O d5 6. b3 Bd6 7. Bb2 Nbd7 8. c4
O-O 9. Nc3 a6 10. Rc1 Qe7 11. Rc2 Rfd8 12. cxd5 exd5 13. Ne2 Ne4 14. Qa1 f6 15.
Ng3 Nxg3 16. hxg3 Bxg3 17. fxg3 Qxe3+ 18. Kh2 Qxd3 19. Rxc7 Bc8 20. Ba3 Nf8 21.
Bxf8 Rxf8 22. Re1 Qg6 23. Ree7 Qh6+ 24. Nh4 Bg4 25. Qc1 g5 26. Qb1 f5 27. Qe1
f4 28. Qe5 fxg3+ 29. Kg1 Rf6 30. Qxd5+ Be6 31. Qxa8+ Rf8 32. Qc6 1-0

[Event "Commonwealth Chess Championship 2008"]
[Site "Nagpur India"]
[Date "2008.09.30"]
[Round "?"]
[White "Kelkar, Abhishek"]
[Black "Guy, West"]
[Result "1/2-1/2"]
[WhiteElo "2120"]
[BlackElo "2342"]
[PlyCount "103"]
[EventDate "2008.09.28"]
[Source "MonRoi"]

1. e4 d5 2. exd5 Nf6 3. d4 Bg4 4. Nf3 Qxd5 5. Be2 Nc6 6. h3 Bxf3 7. Bxf3 Qd7 8.
Be3 O-O-O 9. c3 e5 10. Qa4 exd4 11. Bxc6 Qxc6 12. Qxc6 bxc6 13. cxd4 Nd5 14.
Nd2 Bb4 15. O-O-O Bxd2+ 16. Bxd2 h5 17. h4 Rd6 18. Rhe1 Kd7 19. Kc2 Rg6 20. g3
Rf6 21. Re2 Re8 22. Rxe8 Kxe8 23. Be1 Kd7 24. Kd3 Re6 25. Rc1 Re8 26. Bc3 f6
27. Re1 Rxe1 28. Bxe1 g5 29. Bd2 gxh4 30. gxh4 Ne7 31. Bf4 Nd5 32. Bd2 Nb6 33.
Bf4 Nd5 34. Bd2 f5 35. f3 Kc8 36. a3 Kb7 37. Kc4 Nb6+ 38. Kd3 Kc8 39. Ba5 Nd5
40. Bd2 Kd7 41. b3 Kd6 42. Bh6 Kd7 43. Bd2 Ne7 44. Bg5 Ng6 45. Kc4 Nf8 46. d5
Ng6 47. Kc5 cxd5 48. Kxd5 c6+ 49. Kd4 Kd6 50. b4 Kd7 51. Bf6 Ke6 52. Bg5
1/2-1/2

[Event "Commonwealth Chess Championship 2008"]
[Site "Nagpur India"]
[Date "2008.09.30"]
[Round "?"]
[White "Abhijeet, Gupta"]
[Black "Ravichandran, Tejas"]
[Result "1-0"]
[WhiteElo "2551"]
[BlackElo "2123"]
[PlyCount "81"]
[EventDate "2008.09.28"]
[Source "MonRoi"]

1. d4 Nf6 2. c4 e6 3. Nf3 d5 4. Nc3 Bb4 5. cxd5 exd5 6. Bg5 Nbd7 7. e3 c5 8.
Qc2 Qa5 9. Bd3 c4 10. Bf5 O-O 11. O-O Re8 12. Nd2 Ne4 13. Bxe4 dxe4 14. Bh4
Bxc3 15. bxc3 Nb6 16. Bg3 Bd7 17. Rab1 Rac8 18. Rb4 Nd5 19. Rxc4 Rxc4 20. Nxc4
Qxc3 21. Qxc3 Nxc3 22. Nd6 Re7 23. Ra1 Be6 24. a4 Bb3 25. Ra3 Ne2+ 26. Kf1 Nc1
27. Nb5 Re6 28. Nd6 Re7 29. Nf5 Re6 30. Ke1 Ra6 31. a5 Be6 32. Nd6 Bd5 33. f3
exf3 34. gxf3 Bxf3 35. e4 Ne2 36. Rxf3 Nxg3 37. e5 Nh5 38. Nxb7 f6 39. d5 Kf7
40. d6 Ke8 41. e6 1-0

[Event "Commonwealth Chess Championship 2008"]
[Site "Nagpur India"]
[Date "2008.09.30"]
[Round "?"]
[White "Das, Debashis"]
[Black "Dibyendu, Barua"]
[Result "0-1"]
[WhiteElo "2294"]
[BlackElo "2497"]
[PlyCount "63"]
[EventDate "2008.09.28"]
[Source "MonRoi"]

1. e4 e6 2. d4 d5 3. Nd2 Nf6 4. e5 Nfd7 5. Bd3 c5 6. c3 Nc6 7. Ngf3 Qb6 8. O-O
a5 9. Re1 a4 10. c4 Nxd4 11. Nxd4 cxd4 12. cxd5 exd5 13. Nf3 Bb4 14. Re2 Nb8
15. Bxh7 Nc6 16. Bd3 Bg4 17. Bg5 Bxf3 18. gxf3 Be7 19. Bf4 Nd8 20. Bg3 a3 21.
Rb1 O-O 22. bxa3 Qh6 23. a4 Bg5 24. Bf5 Qa6 25. Rb5 Qxa4 26. Qxa4 Rxa4 27. Rxd5
Ne6 28. Bc2 Rc4 29. Bb3 Rc3 30. Kg2 Rd8 31. Rd6 d3 32. Rxd8+ 0-1

[Event "Commonwealth Chess Championship 2008"]
[Site "Nagpur India"]
[Date "2008.09.30"]
[Round "?"]
[White "Prasad S, Arun"]
[Black "Mehdi, Hasan"]
[Result "1-0"]
[WhiteElo "2492"]
[BlackElo "2264"]
[PlyCount "53"]
[EventDate "2008.09.28"]
[Source "MonRoi"]

1. d4 d5 2. c4 dxc4 3. Nf3 Nf6 4. e3 e6 5. Bxc4 a6 6. O-O b5 7. Bb3 Bb7 8. a4
b4 9. Nbd2 c5 10. e4 Be7 11. e5 Nfd7 12. Nc4 O-O 13. Bc2 cxd4 14. Qxd4 b3 15.
Bb1 Bd5 16. Qd3 g6 17. Bh6 Qc7 18. Bxf8 Bxf8 19. Nd6 Nxe5 20. Ne8 Nxd3 21. Nxc7
Nxb2 22. Nxa8 Bxa8 23. Nd2 Bg7 24. Rc1 Be5 25. Ra3 Bd5 26. Be4 Nc4 27. Rxc4 1-0

[Event "COMMONWEALTH CHESS CHAMPIONSHI"]
[Site "Nagpur,India"]
[Date "2008.09.30"]
[Round "3.31"]
[White "Panchanathan, Magesh Chandran"]
[Black "Mari Arul, S."]
[Result "1-0"]
[WhiteElo "2486"]
[BlackElo "2249"]
[PlyCount "71"]
[EventDate "2008.09.28"]
[Source "MonRoi"]

1. e4 e5 2. Nf3 Nc6 3. Bb5 a6 4. Ba4 Nf6 5. O-O Be7 6. Re1 b5 7. Bb3 d6 8. c3
O-O 9. h3 Na5 10. Bc2 c5 11. d4 Nd7 12. Nbd2 exd4 13. cxd4 Nc6 14. d5 Nce5 15.
a4 Rb8 16. Nf1 Nxf3+ 17. gxf3 Re8 18. f4 Bf6 19. axb5 axb5 20. Ra3 Bd4 21. Rg3
Qh4 22. Kg2 Nf6 23. Nh2 Nh5 24. Nf3 Nxf4+ 25. Kh2 Qf6 26. Nxd4 cxd4 27. Rf3 g5
28. Rg1 Kh8 29. Rxg5 Qxg5 30. Bxf4 Qg7 31. Bxd6 Rb6 32. Bc5 Rg6 33. Bxd4 f6 34.
Rg3 Rg8 35. Qf3 h6 36. Rxg6 1-0

[Event "COMMONWEALTH CHESS CHAMPIONSHI"]
[Site "Nagpur,India"]
[Date "2008.09.30"]
[Round "3.33"]
[White "Venkatesh, M R."]
[Black "Soman, Satchidanand"]
[Result "1-0"]
[WhiteElo "2462"]
[BlackElo "2251"]
[PlyCount "81"]
[EventDate "2008.09.28"]
[Source "MonRoi"]

1. e4 g6 2. d4 Bg7 3. Nf3 c6 4. Be2 d5 5. e5 Nh6 6. Bf4 f6 7. h4 Nf7 8. Qd2
fxe5 9. Nxe5 Nd7 10. Nxf7 Kxf7 11. Nc3 Nf6 12. h5 Rg8 13. hxg6+ hxg6 14. Be5
Be6 15. Qg5 Qd7 16. g4 Rh8 17. O-O-O Rag8 18. f3 Kf8 19. Bd3 Bf7 20. Ne2 Nh7
21. Qe3 Nf6 22. Nf4 g5 23. Ng6+ Bxg6 24. Bxg6 Bh6 25. Bf5 Qe8 26. Qa3 Bg7 27.
Rhe1 Nd7 28. Bd6 Bf6 29. Qxa7 Qd8 30. Bb4 Qc7 31. Qa3 Nb8 32. Re6 Rh6 33. Rde1
Rg7 34. Bd6 exd6 35. Re8+ Kf7 36. Qe3 Be5 37. dxe5 dxe5 38. Rxe5 Qd6 39. Re7+
Kf8 40. Re8+ Kf7 41. Rc8 1-0